{"text_format":"1","workbook":"xls","n_sheets":4,"sheets":["Kalkulacija","Kalkulisanje","Odelenja","Dobavljači"],"not_rendered":{"charts":0,"images":0,"macros":0,"external_links":1,"defined_names":1,"comments":2,"pivot_tables":0},"unopened":[],"bounds":{"document_bytes":16777216,"sheet_cells":100000,"rows_first":2000,"rows_last":500,"rows_between":2000,"halvings":0,"cell_chars":16384,"cell_head_chars":4096},"cells_cut":0,"cells_raw":0,"read":"whole","date_system":"1900","formulas":"cached_only"}

{"sheet":"Kalkulacija","index":0,"n_rows":220,"n_cols":15,"rows_kept":220,"cut":false,"hidden":false,"merged":[[6,4,6,6],[217,4,217,6],[219,4,219,6],[10,3,10,5],[218,4,218,6],[5,13,5,14],[5,11,5,12],[217,9,217,12],[218,9,218,12],[219,9,219,12],[8,2,8,4],[8,11,8,12],[11,11,11,12],[10,11,10,12],[11,8,11,9],[10,8,10,9]],"flags":["formulas_cached_only"]}
[null,"P.Z.Agrojapra",null,null,null,null,null,null,null,null,null,null,null,"Ledo d.o.o."]
[null,"Prodavnica mješovite robe 4",null,null,null,null,null,null,null,null,null,null,null,"Čitluk"]
[null,"Radomirovac",null,null,null,null,null,null,null,null,null,null,null,"PIB:227031530007"]
[null,"PIB:400756660007"]
[]
[null,null,null,null,null,null,null,null,null,null,null,"Račun:"]
[null,null,null,null,"KALKULACIJA",null,null,1]
[]
[null,"Datum kalkulacije:","2012-01-13",null,null,null,null,null,null,null,null,"Datum računa:",null,"2012-01-13"]
[]
["RB","Trgovački naziv robe","J.M","Po fakturi dobavljača",null,null,"Zavisni","Nabavna",null,null,"Prodajna",null,null,"Maloprodajna","Maloprod."]
[null,null,null,"Količina","Cijena","Vrijednost","troškovi","vrijednost","Razlika u cijeni",null,"vrijednost","P D V",null,"vrijednost","cijena"]
[null,null,null,null,"bez Pdv","bez Pdv-a","bezPdv","bez Pdv-a","Iznos","%","bez Pdv-a","Iznos","%","sa Pdv-om","sa Pdv"]
[]
[1,null,"kom",3,2,6,0,6,1.2000000000000002,0.20000000000000004,7.2,1.2239999999999993,0.17,8.424,2.808]
[2,null,"kom",3,2,6,0,6,1.2000000000000002,0.20000000000000004,7.2,1.2239999999999993,0.17,8.424,2.808]
[3,null,"kom",3,2,6,0,6,1.2000000000000002,0.20000000000000004,7.2,1.2239999999999993,0.17,8.424,2.808]
[4,null,"kom",3,2,6,0,6,1.2000000000000002,0.20000000000000004,7.2,1.2239999999999993,0.17,8.424,2.808]
[5,null,"kom",3,2,6,0,6,1.2000000000000002,0.20000000000000004,7.2,1.2239999999999993,0.17,8.424,2.808]
[6,null,"kom",3,2,6,0,6,1.2000000000000002,0.20000000000000004,7.2,1.2239999999999993,0.17,8.424,2.808]
[7,null,"kom",3,2,6,0,6,1.2000000000000002,0.20000000000000004,7.2,1.2239999999999993,0.17,8.424,2.808]
[8,null,"kom",3,2,6,0,6,1.2000000000000002,0.20000000000000004,7.2,1.2239999999999993,0.17,8.424,2.808]
[9,null,"kom",3,2,6,0,6,1.2000000000000002,0.20000000000000004,7.2,1.2239999999999993,0.17,8.424,2.808]
[10,null,"kom",3,2,6,0,6,1.2000000000000002,0.20000000000000004,7.2,1.2239999999999993,0.17,8.424,2.808]
[11,null,"kom",3,2,6,0,6,1.2000000000000002,0.20000000000000004,7.2,1.2239999999999993,0.17,8.424,2.808]
[12,null,"kom",3,2,6,0,6,1.2000000000000002,0.20000000000000004,7.2,1.2239999999999993,0.17,8.424,2.808]
[13,null,"kom",3,2,6,0,6,1.2000000000000002,0.20000000000000004,7.2,1.2239999999999993,0.17,8.424,2.808]
[14,null,"kom",3,2,6,0,6,1.2000000000000002,0.20000000000000004,7.2,1.2239999999999993,0.17,8.424,2.808]
[15,null,"kom",3,2,6,0,6,1.2000000000000002,0.20000000000000004,7.2,1.2239999999999993,0.17,8.424,2.808]
[16,null,"kom",3,2,6,0,6,1.2000000000000002,0.20000000000000004,7.2,1.2239999999999993,0.17,8.424,2.808]
[17,null,"kom",3,2,6,0,6,1.2000000000000002,0.20000000000000004,7.2,1.2239999999999993,0.17,8.424,2.808]
[18,null,"kom",3,2,6,0,6,1.2000000000000002,0.20000000000000004,7.2,1.2239999999999993,0.17,8.424,2.808]
[19,null,"kom",3,2,6,0,6,1.2000000000000002,0.20000000000000004,7.2,1.2239999999999993,0.17,8.424,2.808]
[20,null,"kom",3,2,6,0,6,1.2000000000000002,0.20000000000000004,7.2,1.2239999999999993,0.17,8.424,2.808]
[21,null,"kom",3,2,6,0,6,1.2000000000000002,0.20000000000000004,7.2,1.2239999999999993,0.17,8.424,2.808]
[22,null,"kom",3,2,6,0,6,1.2000000000000002,0.20000000000000004,7.2,1.2239999999999993,0.17,8.424,2.808]
[23,null,"kom",3,2,6,0,6,1.2000000000000002,0.20000000000000004,7.2,1.2239999999999993,0.17,8.424,2.808]
[24,null,"kom",3,2,6,0,6,1.2000000000000002,0.20000000000000004,7.2,1.2239999999999993,0.17,8.424,2.808]
[25,null,"kom",3,2,6,0,6,1.2000000000000002,0.20000000000000004,7.2,1.2239999999999993,0.17,8.424,2.808]
[26,null,"kom",3,2,6,0,6,1.2000000000000002,0.20000000000000004,7.2,1.2239999999999993,0.17,8.424,2.808]
[27,null,"kom",3,2,6,0,6,1.2000000000000002,0.20000000000000004,7.2,1.2239999999999993,0.17,8.424,2.808]
[28,null,"kom",3,2,6,0,6,1.2000000000000002,0.20000000000000004,7.2,1.2239999999999993,0.17,8.424,2.808]
[29,null,"kom",3,2,6,0,6,1.2000000000000002,0.20000000000000004,7.2,1.2239999999999993,0.17,8.424,2.808]
[30,null,"kom",3,2,6,0,6,1.2000000000000002,0.20000000000000004,7.2,1.2239999999999993,0.17,8.424,2.808]
[31,null,"kom",3,2,6,0,6,1.2000000000000002,0.20000000000000004,7.2,1.2239999999999993,0.17,8.424,2.808]
[32,null,"kom",3,2,6,0,6,1.2000000000000002,0.20000000000000004,7.2,1.2239999999999993,0.17,8.424,2.808]
[33,null,"kom",3,2,6,0,6,1.2000000000000002,0.20000000000000004,7.2,1.2239999999999993,0.17,8.424,2.808]
[34,null,"kom",3,2,6,0,6,1.2000000000000002,0.20000000000000004,7.2,1.2239999999999993,0.17,8.424,2.808]
[35,null,"kom",3,2,6,0,6,1.2000000000000002,0.20000000000000004,7.2,1.2239999999999993,0.17,8.424,2.808]
[36,null,"kom",3,2,6,0,6,1.2000000000000002,0.20000000000000004,7.2,1.2239999999999993,0.17,8.424,2.808]
[37,null,"kom",3,2,6,0,6,1.2000000000000002,0.20000000000000004,7.2,1.2239999999999993,0.17,8.424,2.808]
[38,null,"kom",3,2,6,0,6,1.2000000000000002,0.20000000000000004,7.2,1.2239999999999993,0.17,8.424,2.808]
[39,null,"kom",3,2,6,0,6,1.2000000000000002,0.20000000000000004,7.2,1.2239999999999993,0.17,8.424,2.808]
[40,null,"kom",3,2,6,0,6,1.2000000000000002,0.20000000000000004,7.2,1.2239999999999993,0.17,8.424,2.808]
[41,null,"kom",3,2,6,0,6,1.2000000000000002,0.20000000000000004,7.2,1.2239999999999993,0.17,8.424,2.808]
[42,null,"kom",3,2,6,0,6,1.2000000000000002,0.20000000000000004,7.2,1.2239999999999993,0.17,8.424,2.808]
[43,null,"kom",3,2,6,0,6,1.2000000000000002,0.20000000000000004,7.2,1.2239999999999993,0.17,8.424,2.808]
[44,null,"kom",3,2,6,0,6,1.2000000000000002,0.20000000000000004,7.2,1.2239999999999993,0.17,8.424,2.808]
[45,null,"kom",3,2,6,0,6,1.2000000000000002,0.20000000000000004,7.2,1.2239999999999993,0.17,8.424,2.808]
[46,null,"kom",3,2,6,0,6,1.2000000000000002,0.20000000000000004,7.2,1.2239999999999993,0.17,8.424,2.808]
[47,null,"kom",3,2,6,0,6,1.2000000000000002,0.20000000000000004,7.2,1.2239999999999993,0.17,8.424,2.808]
[48,null,"kom",3,2,6,0,6,1.2000000000000002,0.20000000000000004,7.2,1.2239999999999993,0.17,8.424,2.808]
[49,null,"kom",3,2,6,0,6,1.2000000000000002,0.20000000000000004,7.2,1.2239999999999993,0.17,8.424,2.808]
[50,null,"kom",3,2,6,0,6,1.2000000000000002,0.20000000000000004,7.2,1.2239999999999993,0.17,8.424,2.808]
[51,null,"kom",3,2,6,0,6,1.2000000000000002,0.20000000000000004,7.2,1.2239999999999993,0.17,8.424,2.808]
[52,null,"kom",3,2,6,0,6,1.2000000000000002,0.20000000000000004,7.2,1.2239999999999993,0.17,8.424,2.808]
[53,null,"kom",3,2,6,0,6,1.2000000000000002,0.20000000000000004,7.2,1.2239999999999993,0.17,8.424,2.808]
[54,null,"kom",3,2,6,0,6,1.2000000000000002,0.20000000000000004,7.2,1.2239999999999993,0.17,8.424,2.808]
[55,null,"kom",3,2,6,0,6,1.2000000000000002,0.20000000000000004,7.2,1.2239999999999993,0.17,8.424,2.808]
[56,null,"kom",3,2,6,0,6,1.2000000000000002,0.20000000000000004,7.2,1.2239999999999993,0.17,8.424,2.808]
[57,null,"kom",3,2,6,0,6,1.2000000000000002,0.20000000000000004,7.2,1.2239999999999993,0.17,8.424,2.808]
[58,null,"kom",3,2,6,0,6,1.2000000000000002,0.20000000000000004,7.2,1.2239999999999993,0.17,8.424,2.808]
[59,null,"kom",3,2,6,0,6,1.2000000000000002,0.20000000000000004,7.2,1.2239999999999993,0.17,8.424,2.808]
[60,null,"kom",3,2,6,0,6,1.2000000000000002,0.20000000000000004,7.2,1.2239999999999993,0.17,8.424,2.808]
[61,null,"kom",3,2,6,0,6,1.2000000000000002,0.20000000000000004,7.2,1.2239999999999993,0.17,8.424,2.808]
[62,null,"kom",3,2,6,0,6,1.2000000000000002,0.20000000000000004,7.2,1.2239999999999993,0.17,8.424,2.808]
[63,null,"kom",3,2,6,0,6,1.2000000000000002,0.20000000000000004,7.2,1.2239999999999993,0.17,8.424,2.808]
[64,null,"kom",3,2,6,0,6,1.2000000000000002,0.20000000000000004,7.2,1.2239999999999993,0.17,8.424,2.808]
[65,null,"kom",3,2,6,0,6,1.2000000000000002,0.20000000000000004,7.2,1.2239999999999993,0.17,8.424,2.808]
[66,null,"kom",3,2,6,0,6,1.2000000000000002,0.20000000000000004,7.2,1.2239999999999993,0.17,8.424,2.808]
[67,null,"kom",3,2,6,0,6,1.2000000000000002,0.20000000000000004,7.2,1.2239999999999993,0.17,8.424,2.808]
[68,null,"kom",3,2,6,0,6,1.2000000000000002,0.20000000000000004,7.2,1.2239999999999993,0.17,8.424,2.808]
[69,null,"kom",3,2,6,0,6,1.2000000000000002,0.20000000000000004,7.2,1.2239999999999993,0.17,8.424,2.808]
[70,null,"kom",3,2,6,0,6,1.2000000000000002,0.20000000000000004,7.2,1.2239999999999993,0.17,8.424,2.808]
[71,null,"kom",3,2,6,0,6,1.2000000000000002,0.20000000000000004,7.2,1.2239999999999993,0.17,8.424,2.808]
[72,null,"kom",3,2,6,0,6,1.2000000000000002,0.20000000000000004,7.2,1.2239999999999993,0.17,8.424,2.808]
[73,null,"kom",3,2,6,0,6,1.2000000000000002,0.20000000000000004,7.2,1.2239999999999993,0.17,8.424,2.808]
[74,null,"kom",3,2,6,0,6,1.2000000000000002,0.20000000000000004,7.2,1.2239999999999993,0.17,8.424,2.808]
[75,null,"kom",3,2,6,0,6,1.2000000000000002,0.20000000000000004,7.2,1.2239999999999993,0.17,8.424,2.808]
[76,null,"kom",3,2,6,0,6,1.2000000000000002,0.20000000000000004,7.2,1.2239999999999993,0.17,8.424,2.808]
[77,null,"kom",3,2,6,0,6,1.2000000000000002,0.20000000000000004,7.2,1.2239999999999993,0.17,8.424,2.808]
[78,null,"kom",3,2,6,0,6,1.2000000000000002,0.20000000000000004,7.2,1.2239999999999993,0.17,8.424,2.808]
[79,null,"kom",3,2,6,0,6,1.2000000000000002,0.20000000000000004,7.2,1.2239999999999993,0.17,8.424,2.808]
[80,null,"kom",3,2,6,0,6,1.2000000000000002,0.20000000000000004,7.2,1.2239999999999993,0.17,8.424,2.808]
[81,null,"kom",3,2,6,0,6,1.2000000000000002,0.20000000000000004,7.2,1.2239999999999993,0.17,8.424,2.808]
[82,null,"kom",3,2,6,0,6,1.2000000000000002,0.20000000000000004,7.2,1.2239999999999993,0.17,8.424,2.808]
[83,null,"kom",3,2,6,0,6,1.2000000000000002,0.20000000000000004,7.2,1.2239999999999993,0.17,8.424,2.808]
[84,null,"kom",3,2,6,0,6,1.2000000000000002,0.20000000000000004,7.2,1.2239999999999993,0.17,8.424,2.808]
[85,null,"kom",3,2,6,0,6,1.2000000000000002,0.20000000000000004,7.2,1.2239999999999993,0.17,8.424,2.808]
[86,null,"kom",3,2,6,0,6,1.2000000000000002,0.20000000000000004,7.2,1.2239999999999993,0.17,8.424,2.808]
[87,null,"kom",3,2,6,0,6,1.2000000000000002,0.20000000000000004,7.2,1.2239999999999993,0.17,8.424,2.808]
[88,null,"kom",3,2,6,0,6,1.2000000000000002,0.20000000000000004,7.2,1.2239999999999993,0.17,8.424,2.808]
[89,null,"kom",3,2,6,0,6,1.2000000000000002,0.20000000000000004,7.2,1.2239999999999993,0.17,8.424,2.808]
[90,null,"kom",3,2,6,0,6,1.2000000000000002,0.20000000000000004,7.2,1.2239999999999993,0.17,8.424,2.808]
[91,null,"kom",3,2,6,0,6,1.2000000000000002,0.20000000000000004,7.2,1.2239999999999993,0.17,8.424,2.808]
[92,null,"kom",3,2,6,0,6,1.2000000000000002,0.20000000000000004,7.2,1.2239999999999993,0.17,8.424,2.808]
[93,null,"kom",3,2,6,0,6,1.2000000000000002,0.20000000000000004,7.2,1.2239999999999993,0.17,8.424,2.808]
[94,null,"kom",3,2,6,0,6,1.2000000000000002,0.20000000000000004,7.2,1.2239999999999993,0.17,8.424,2.808]
[95,null,"kom",3,2,6,0,6,1.2000000000000002,0.20000000000000004,7.2,1.2239999999999993,0.17,8.424,2.808]
[96,null,"kom",3,2,6,0,6,1.2000000000000002,0.20000000000000004,7.2,1.2239999999999993,0.17,8.424,2.808]
[97,null,"kom",3,2,6,0,6,1.2000000000000002,0.20000000000000004,7.2,1.2239999999999993,0.17,8.424,2.808]
[98,null,"kom",3,2,6,0,6,1.2000000000000002,0.20000000000000004,7.2,1.2239999999999993,0.17,8.424,2.808]
[99,null,"kom",3,2,6,0,6,1.2000000000000002,0.20000000000000004,7.2,1.2239999999999993,0.17,8.424,2.808]
[100,null,"kom",3,2,6,0,6,1.2000000000000002,0.20000000000000004,7.2,1.2239999999999993,0.17,8.424,2.808]
[101,null,"kom",3,2,6,0,6,1.2000000000000002,0.20000000000000004,7.2,1.2239999999999993,0.17,8.424,2.808]
[102,null,"kom",3,2,6,0,6,1.2000000000000002,0.20000000000000004,7.2,1.2239999999999993,0.17,8.424,2.808]
[103,null,"kom",3,2,6,0,6,1.2000000000000002,0.20000000000000004,7.2,1.2239999999999993,0.17,8.424,2.808]
[104,null,"kom",3,2,6,0,6,1.2000000000000002,0.20000000000000004,7.2,1.2239999999999993,0.17,8.424,2.808]
[105,null,"kom",3,2,6,0,6,1.2000000000000002,0.20000000000000004,7.2,1.2239999999999993,0.17,8.424,2.808]
[106,null,"kom",3,2,6,0,6,1.2000000000000002,0.20000000000000004,7.2,1.2239999999999993,0.17,8.424,2.808]
[107,null,"kom",3,2,6,0,6,1.2000000000000002,0.20000000000000004,7.2,1.2239999999999993,0.17,8.424,2.808]
[108,null,"kom",3,2,6,0,6,1.2000000000000002,0.20000000000000004,7.2,1.2239999999999993,0.17,8.424,2.808]
[109,null,"kom",3,2,6,0,6,1.2000000000000002,0.20000000000000004,7.2,1.2239999999999993,0.17,8.424,2.808]
[110,null,"kom",3,2,6,0,6,1.2000000000000002,0.20000000000000004,7.2,1.2239999999999993,0.17,8.424,2.808]
[111,null,"kom",3,2,6,0,6,1.2000000000000002,0.20000000000000004,7.2,1.2239999999999993,0.17,8.424,2.808]
[112,null,"kom",3,2,6,0,6,1.2000000000000002,0.20000000000000004,7.2,1.2239999999999993,0.17,8.424,2.808]
[113,null,"kom",3,2,6,0,6,1.2000000000000002,0.20000000000000004,7.2,1.2239999999999993,0.17,8.424,2.808]
[114,null,"kom",3,2,6,0,6,1.2000000000000002,0.20000000000000004,7.2,1.2239999999999993,0.17,8.424,2.808]
[115,null,"kom",3,2,6,0,6,1.2000000000000002,0.20000000000000004,7.2,1.2239999999999993,0.17,8.424,2.808]
[116,null,"kom",3,2,6,0,6,1.2000000000000002,0.20000000000000004,7.2,1.2239999999999993,0.17,8.424,2.808]
[117,null,"kom",3,2,6,0,6,1.2000000000000002,0.20000000000000004,7.2,1.2239999999999993,0.17,8.424,2.808]
[118,null,"kom",3,2,6,0,6,1.2000000000000002,0.20000000000000004,7.2,1.2239999999999993,0.17,8.424,2.808]
[119,null,"kom",3,2,6,0,6,1.2000000000000002,0.20000000000000004,7.2,1.2239999999999993,0.17,8.424,2.808]
[120,null,"kom",3,2,6,0,6,1.2000000000000002,0.20000000000000004,7.2,1.2239999999999993,0.17,8.424,2.808]
[121,null,"kom",3,2,6,0,6,1.2000000000000002,0.20000000000000004,7.2,1.2239999999999993,0.17,8.424,2.808]
[122,null,"kom",3,2,6,0,6,1.2000000000000002,0.20000000000000004,7.2,1.2239999999999993,0.17,8.424,2.808]
[123,null,"kom",3,2,6,0,6,1.2000000000000002,0.20000000000000004,7.2,1.2239999999999993,0.17,8.424,2.808]
[124,null,"kom",3,2,6,0,6,1.2000000000000002,0.20000000000000004,7.2,1.2239999999999993,0.17,8.424,2.808]
[125,null,"kom",3,2,6,0,6,1.2000000000000002,0.20000000000000004,7.2,1.2239999999999993,0.17,8.424,2.808]
[126,null,"kom",3,2,6,0,6,1.2000000000000002,0.20000000000000004,7.2,1.2239999999999993,0.17,8.424,2.808]
[127,null,"kom",3,2,6,0,6,1.2000000000000002,0.20000000000000004,7.2,1.2239999999999993,0.17,8.424,2.808]
[128,null,"kom",3,2,6,0,6,1.2000000000000002,0.20000000000000004,7.2,1.2239999999999993,0.17,8.424,2.808]
[129,null,"kom",3,2,6,0,6,1.2000000000000002,0.20000000000000004,7.2,1.2239999999999993,0.17,8.424,2.808]
[130,null,"kom",3,2,6,0,6,1.2000000000000002,0.20000000000000004,7.2,1.2239999999999993,0.17,8.424,2.808]
[131,null,"kom",3,2,6,0,6,1.2000000000000002,0.20000000000000004,7.2,1.2239999999999993,0.17,8.424,2.808]
[132,null,"kom",3,2,6,0,6,1.2000000000000002,0.20000000000000004,7.2,1.2239999999999993,0.17,8.424,2.808]
[133,null,"kom",3,2,6,0,6,1.2000000000000002,0.20000000000000004,7.2,1.2239999999999993,0.17,8.424,2.808]
[134,null,"kom",3,2,6,0,6,1.2000000000000002,0.20000000000000004,7.2,1.2239999999999993,0.17,8.424,2.808]
[135,null,"kom",3,2,6,0,6,1.2000000000000002,0.20000000000000004,7.2,1.2239999999999993,0.17,8.424,2.808]
[136,null,"kom",3,2,6,0,6,1.2000000000000002,0.20000000000000004,7.2,1.2239999999999993,0.17,8.424,2.808]
[137,null,"kom",3,2,6,0,6,1.2000000000000002,0.20000000000000004,7.2,1.2239999999999993,0.17,8.424,2.808]
[138,null,"kom",3,2,6,0,6,1.2000000000000002,0.20000000000000004,7.2,1.2239999999999993,0.17,8.424,2.808]
[139,null,"kom",3,2,6,0,6,1.2000000000000002,0.20000000000000004,7.2,1.2239999999999993,0.17,8.424,2.808]
[140,null,"kom",3,2,6,0,6,1.2000000000000002,0.20000000000000004,7.2,1.2239999999999993,0.17,8.424,2.808]
[141,null,"kom",3,2,6,0,6,1.2000000000000002,0.20000000000000004,7.2,1.2239999999999993,0.17,8.424,2.808]
[142,null,"kom",3,2,6,0,6,1.2000000000000002,0.20000000000000004,7.2,1.2239999999999993,0.17,8.424,2.808]
[143,null,"kom",3,2,6,0,6,1.2000000000000002,0.20000000000000004,7.2,1.2239999999999993,0.17,8.424,2.808]
[144,null,"kom",3,2,6,0,6,1.2000000000000002,0.20000000000000004,7.2,1.2239999999999993,0.17,8.424,2.808]
[145,null,"kom",3,2,6,0,6,1.2000000000000002,0.20000000000000004,7.2,1.2239999999999993,0.17,8.424,2.808]
[146,null,"kom",3,2,6,0,6,1.2000000000000002,0.20000000000000004,7.2,1.2239999999999993,0.17,8.424,2.808]
[147,null,"kom",3,2,6,0,6,1.2000000000000002,0.20000000000000004,7.2,1.2239999999999993,0.17,8.424,2.808]
[148,null,"kom",3,2,6,0,6,1.2000000000000002,0.20000000000000004,7.2,1.2239999999999993,0.17,8.424,2.808]
[149,null,"kom",3,2,6,0,6,1.2000000000000002,0.20000000000000004,7.2,1.2239999999999993,0.17,8.424,2.808]
[150,null,"kom",3,2,6,0,6,1.2000000000000002,0.20000000000000004,7.2,1.2239999999999993,0.17,8.424,2.808]
[151,null,"kom",3,2,6,0,6,1.2000000000000002,0.20000000000000004,7.2,1.2239999999999993,0.17,8.424,2.808]
[152,null,"kom",3,2,6,0,6,1.2000000000000002,0.20000000000000004,7.2,1.2239999999999993,0.17,8.424,2.808]
[153,null,"kom",3,2,6,0,6,1.2000000000000002,0.20000000000000004,7.2,1.2239999999999993,0.17,8.424,2.808]
[154,null,"kom",3,2,6,0,6,1.2000000000000002,0.20000000000000004,7.2,1.2239999999999993,0.17,8.424,2.808]
[155,null,"kom",3,2,6,0,6,1.2000000000000002,0.20000000000000004,7.2,1.2239999999999993,0.17,8.424,2.808]
[156,null,"kom",3,2,6,0,6,1.2000000000000002,0.20000000000000004,7.2,1.2239999999999993,0.17,8.424,2.808]
[157,null,"kom",3,2,6,0,6,1.2000000000000002,0.20000000000000004,7.2,1.2239999999999993,0.17,8.424,2.808]
[158,null,"kom",3,2,6,0,6,1.2000000000000002,0.20000000000000004,7.2,1.2239999999999993,0.17,8.424,2.808]
[159,null,"kom",3,2,6,0,6,1.2000000000000002,0.20000000000000004,7.2,1.2239999999999993,0.17,8.424,2.808]
[160,null,"kom",3,2,6,0,6,1.2000000000000002,0.20000000000000004,7.2,1.2239999999999993,0.17,8.424,2.808]
[161,null,"kom",3,2,6,0,6,1.2000000000000002,0.20000000000000004,7.2,1.2239999999999993,0.17,8.424,2.808]
[162,null,"kom",3,2,6,0,6,1.2000000000000002,0.20000000000000004,7.2,1.2239999999999993,0.17,8.424,2.808]
[163,null,"kom",3,2,6,0,6,1.2000000000000002,0.20000000000000004,7.2,1.2239999999999993,0.17,8.424,2.808]
[164,null,"kom",3,2,6,0,6,1.2000000000000002,0.20000000000000004,7.2,1.2239999999999993,0.17,8.424,2.808]
[165,null,"kom",3,2,6,0,6,1.2000000000000002,0.20000000000000004,7.2,1.2239999999999993,0.17,8.424,2.808]
[166,null,"kom",3,2,6,0,6,1.2000000000000002,0.20000000000000004,7.2,1.2239999999999993,0.17,8.424,2.808]
[167,null,"kom",3,2,6,0,6,1.2000000000000002,0.20000000000000004,7.2,1.2239999999999993,0.17,8.424,2.808]
[168,null,"kom",3,2,6,0,6,1.2000000000000002,0.20000000000000004,7.2,1.2239999999999993,0.17,8.424,2.808]
[169,null,"kom",3,2,6,0,6,1.2000000000000002,0.20000000000000004,7.2,1.2239999999999993,0.17,8.424,2.808]
[170,null,"kom",3,2,6,0,6,1.2000000000000002,0.20000000000000004,7.2,1.2239999999999993,0.17,8.424,2.808]
[171,null,"kom",3,2,6,0,6,1.2000000000000002,0.20000000000000004,7.2,1.2239999999999993,0.17,8.424,2.808]
[172,null,"kom",3,2,6,0,6,1.2000000000000002,0.20000000000000004,7.2,1.2239999999999993,0.17,8.424,2.808]
[173,null,"kom",3,2,6,0,6,1.2000000000000002,0.20000000000000004,7.2,1.2239999999999993,0.17,8.424,2.808]
[174,null,"kom",3,2,6,0,6,1.2000000000000002,0.20000000000000004,7.2,1.2239999999999993,0.17,8.424,2.808]
[175,null,"kom",3,2,6,0,6,1.2000000000000002,0.20000000000000004,7.2,1.2239999999999993,0.17,8.424,2.808]
[176,null,"kom",3,2,6,0,6,1.2000000000000002,0.20000000000000004,7.2,1.2239999999999993,0.17,8.424,2.808]
[177,null,"kom",3,2,6,0,6,1.2000000000000002,0.20000000000000004,7.2,1.2239999999999993,0.17,8.424,2.808]
[178,null,"kom",3,2,6,0,6,1.2000000000000002,0.20000000000000004,7.2,1.2239999999999993,0.17,8.424,2.808]
[179,null,"kom",3,2,6,0,6,1.2000000000000002,0.20000000000000004,7.2,1.2239999999999993,0.17,8.424,2.808]
[180,null,"kom",3,2,6,0,6,1.2000000000000002,0.20000000000000004,7.2,1.2239999999999993,0.17,8.424,2.808]
[181,null,"kom",3,2,6,0,6,1.2000000000000002,0.20000000000000004,7.2,1.2239999999999993,0.17,8.424,2.808]
[182,null,"kom",3,2,6,0,6,1.2000000000000002,0.20000000000000004,7.2,1.2239999999999993,0.17,8.424,2.808]
[183,null,"kom",3,2,6,0,6,1.2000000000000002,0.20000000000000004,7.2,1.2239999999999993,0.17,8.424,2.808]
[184,null,"kom",3,2,6,0,6,1.2000000000000002,0.20000000000000004,7.2,1.2239999999999993,0.17,8.424,2.808]
[185,null,"kom",3,2,6,0,6,1.2000000000000002,0.20000000000000004,7.2,1.2239999999999993,0.17,8.424,2.808]
[186,null,"kom",3,2,6,0,6,1.2000000000000002,0.20000000000000004,7.2,1.2239999999999993,0.17,8.424,2.808]
[187,null,"kom",3,2,6,0,6,1.2000000000000002,0.20000000000000004,7.2,1.2239999999999993,0.17,8.424,2.808]
[188,null,"kom",3,2,6,0,6,1.2000000000000002,0.20000000000000004,7.2,1.2239999999999993,0.17,8.424,2.808]
[189,null,"kom",3,2,6,0,6,1.2000000000000002,0.20000000000000004,7.2,1.2239999999999993,0.17,8.424,2.808]
[190,null,"kom",3,2,6,0,6,1.2000000000000002,0.20000000000000004,7.2,1.2239999999999993,0.17,8.424,2.808]
[191,null,"kom",3,2,6,0,6,1.2000000000000002,0.20000000000000004,7.2,1.2239999999999993,0.17,8.424,2.808]
[192,null,"kom",3,2,6,0,6,1.2000000000000002,0.20000000000000004,7.2,1.2239999999999993,0.17,8.424,2.808]
[193,null,"kom",3,2,6,0,6,1.2000000000000002,0.20000000000000004,7.2,1.2239999999999993,0.17,8.424,2.808]
[194,null,"kom",3,2,6,0,6,1.2000000000000002,0.20000000000000004,7.2,1.2239999999999993,0.17,8.424,2.808]
[195,null,"kom",3,2,6,0,6,1.2000000000000002,0.20000000000000004,7.2,1.2239999999999993,0.17,8.424,2.808]
[196,null,"kom",3,2,6,0,6,1.2000000000000002,0.20000000000000004,7.2,1.2239999999999993,0.17,8.424,2.808]
[197,null,"kom",3,2,6,0,6,1.2000000000000002,0.20000000000000004,7.2,1.2239999999999993,0.17,8.424,2.808]
[198,null,"kom",3,2,6,0,6,1.2000000000000002,0.20000000000000004,7.2,1.2239999999999993,0.17,8.424,2.808]
[199,null,"kom",3,2,6,0,6,1.2000000000000002,0.20000000000000004,7.2,1.2239999999999993,0.17,8.424,2.808]
[200,null,"kom",3,2,6,0,6,1.2000000000000002,0.20000000000000004,7.2,1.2239999999999993,0.17,8.424,2.808]
[]
[null,"Kalkulisao:",null,null,null,1200,0,1200,239.99999999999915,null,1440.0000000000052,244.7999999999991,null,1684.7999999999965]
[]
[null,"Milan Ćulibrk",null,null,"Nabavna vrijednost bez Pdv",null,null,null,null,"Prodajna vrijednost bez Pdv",null,null,null,1440.0000000000052]
[null,null,null,null,"Porez na dodatu vrijednost",null,null,null,null,"Porez na dodatu vrijednost",null,null,null,244.7999999999991]
[null,null,null,null,"Nabavna vrijednost sa Pdv",null,null,null,null,"Prodajna vrijednost sa Pdv",null,null,null,1684.7999999999965]

{"sheet":"Kalkulisanje","index":1,"n_rows":1214,"n_cols":13,"rows_kept":1214,"cut":false,"hidden":false,"merged":[],"flags":["formulas_cached_only"]}
[]
[]
[]
[]
[]
[]
[]
[]
[]
[]
["RB",null,"Nabavna",null,"%",null,"%"]
[null,null,"cijena",null,"Ralike u",null,"Pdv",null,"MPC"]
[null,null,null,null,"cijeni"]
[]
[1,0,2,null,0.2,null,0.17,null,2.808,null,2.808,null,2.8]
[2,0,2,null,0.2,null,0.17,null,2.808,null,2.808,null,2.8]
[3,0,2,null,0.2,null,0.17,null,2.808,null,2.808,null,2.8]
[4,0,2,null,0.2,null,0.17,null,2.808,null,2.808,null,2.8]
[5,0,2,null,0.2,null,0.17,null,2.808,null,2.808,null,2.8]
[6,0,2,null,0.2,null,0.17,null,2.808,null,2.808,null,2.8]
[7,0,2,null,0.2,null,0.17,null,2.808,null,2.808,null,2.8]
[8,0,2,null,0.2,null,0.17,null,2.808,null,2.808,null,2.8]
[9,0,2,null,0.2,null,0.17,null,2.808,null,2.808,null,2.8]
[10,0,2,null,0.2,null,0.17,null,2.808,null,2.808,null,2.8]
[11,0,2,null,0.2,null,0.17,null,2.808,null,2.808,null,2.8]
[12,0,2,null,0.2,null,0.17,null,2.808,null,2.808,null,2.8]
[13,0,2,null,0.2,null,0.17,null,2.808,null,2.808,null,2.8]
[14,0,2,null,0.2,null,0.17,null,2.808,null,2.808,null,2.8]
[15,0,2,null,0.2,null,0.17,null,2.808,null,2.808,null,2.8]
[16,0,2,null,0.2,null,0.17,null,2.808,null,2.808,null,2.8]
[17,0,2,null,0.2,null,0.17,null,2.808,null,2.808,null,2.8]
[18,0,2,null,0.2,null,0.17,null,2.808,null,2.808,null,2.8]
[19,0,2,null,0.2,null,0.17,null,2.808,null,2.808,null,2.8]
[20,0,2,null,0.2,null,0.17,null,2.808,null,2.808,null,2.8]
[21,0,2,null,0.2,null,0.17,null,2.808,null,2.808,null,2.8]
[22,0,2,null,0.2,null,0.17,null,2.808,null,2.808,null,2.8]
[23,0,2,null,0.2,null,0.17,null,2.808,null,2.808,null,2.8]
[24,0,2,null,0.2,null,0.17,null,2.808,null,2.808,null,2.8]
[25,0,2,null,0.2,null,0.17,null,2.808,null,2.808,null,2.8]
[26,0,2,null,0.2,null,0.17,null,2.808,null,2.808,null,2.8]
[27,0,2,null,0.2,null,0.17,null,2.808,null,2.808,null,2.8]
[28,0,2,null,0.2,null,0.17,null,2.808,null,2.808,null,2.8]
[29,0,2,null,0.2,null,0.17,null,2.808,null,2.808,null,2.8]
[30,0,2,null,0.2,null,0.17,null,2.808,null,2.808,null,2.8]
[31,0,2,null,0.2,null,0.17,null,2.808,null,2.808,null,2.8]
[32,0,2,null,0.2,null,0.17,null,2.808,null,2.808,null,2.8]
[33,0,2,null,0.2,null,0.17,null,2.808,null,2.808,null,2.8]
[34,0,2,null,0.2,null,0.17,null,2.808,null,2.808,null,2.8]
[35,0,2,null,0.2,null,0.17,null,2.808,null,2.808,null,2.8]
[36,0,2,null,0.2,null,0.17,null,2.808,null,2.808,null,2.8]
[37,0,2,null,0.2,null,0.17,null,2.808,null,2.808,null,2.8]
[38,0,2,null,0.2,null,0.17,null,2.808,null,2.808,null,2.8]
[39,0,2,null,0.2,null,0.17,null,2.808,null,2.808,null,2.8]
[40,0,2,null,0.2,null,0.17,null,2.808,null,2.808,null,2.8]
[41,0,2,null,0.2,null,0.17,null,2.808,null,2.808,null,2.8]
[42,0,2,null,0.2,null,0.17,null,2.808,null,2.808,null,2.8]
[43,0,2,null,0.2,null,0.17,null,2.808,null,2.808,null,2.8]
[44,0,2,null,0.2,null,0.17,null,2.808,null,2.808,null,2.8]
[45,0,2,null,0.2,null,0.17,null,2.808,null,2.808,null,2.8]
[46,0,2,null,0.2,null,0.17,null,2.808,null,2.808,null,2.8]
[47,0,2,null,0.2,null,0.17,null,2.808,null,2.808,null,2.8]
[48,0,2,null,0.2,null,0.17,null,2.808,null,2.808,null,2.8]
[49,0,2,null,0.2,null,0.17,null,2.808,null,2.808,null,2.8]
[50,0,2,null,0.2,null,0.17,null,2.808,null,2.808,null,2.8]
[51,0,2,null,0.2,null,0.17,null,2.808,null,2.808,null,2.8]
[52,0,2,null,0.2,null,0.17,null,2.808,null,2.808,null,2.8]
[53,0,2,null,0.2,null,0.17,null,2.808,null,2.808,null,2.8]
[54,0,2,null,0.2,null,0.17,null,2.808,null,2.808,null,2.8]
[55,0,2,null,0.2,null,0.17,null,2.808,null,2.808,null,2.8]
[56,0,2,null,0.2,null,0.17,null,2.808,null,2.808,null,2.8]
[57,0,2,null,0.2,null,0.17,null,2.808,null,2.808,null,2.8]
[58,0,2,null,0.2,null,0.17,null,2.808,null,2.808,null,2.8]
[59,0,2,null,0.2,null,0.17,null,2.808,null,2.808,null,2.8]
[60,0,2,null,0.2,null,0.17,null,2.808,null,2.808,null,2.8]
[61,0,2,null,0.2,null,0.17,null,2.808,null,2.808,null,2.8]
[62,0,2,null,0.2,null,0.17,null,2.808,null,2.808,null,2.8]
[63,0,2,null,0.2,null,0.17,null,2.808,null,2.808,null,2.8]
[64,0,2,null,0.2,null,0.17,null,2.808,null,2.808,null,2.8]
[65,0,2,null,0.2,null,0.17,null,2.808,null,2.808,null,2.8]
[66,0,2,null,0.2,null,0.17,null,2.808,null,2.808,null,2.8]
[67,0,2,null,0.2,null,0.17,null,2.808,null,2.808,null,2.8]
[68,0,2,null,0.2,null,0.17,null,2.808,null,2.808,null,2.8]
[69,0,2,null,0.2,null,0.17,null,2.808,null,2.808,null,2.8]
[70,0,2,null,0.2,null,0.17,null,2.808,null,2.808,null,2.8]
[71,0,2,null,0.2,null,0.17,null,2.808,null,2.808,null,2.8]
[72,0,2,null,0.2,null,0.17,null,2.808,null,2.808,null,2.8]
[73,0,2,null,0.2,null,0.17,null,2.808,null,2.808,null,2.8]
[74,0,2,null,0.2,null,0.17,null,2.808,null,2.808,null,2.8]
[75,0,2,null,0.2,null,0.17,null,2.808,null,2.808,null,2.8]
[76,0,2,null,0.2,null,0.17,null,2.808,null,2.808,null,2.8]
[77,0,2,null,0.2,null,0.17,null,2.808,null,2.808,null,2.8]
[78,0,2,null,0.2,null,0.17,null,2.808,null,2.808,null,2.8]
[79,0,2,null,0.2,null,0.17,null,2.808,null,2.808,null,2.8]
[80,0,2,null,0.2,null,0.17,null,2.808,null,2.808,null,2.8]
[81,0,2,null,0.2,null,0.17,null,2.808,null,2.808,null,2.8]
[82,0,2,null,0.2,null,0.17,null,2.808,null,2.808,null,2.8]
[83,0,2,null,0.2,null,0.17,null,2.808,null,2.808,null,2.8]
[84,0,2,null,0.2,null,0.17,null,2.808,null,2.808,null,2.8]
[85,0,2,null,0.2,null,0.17,null,2.808,null,2.808,null,2.8]
[86,0,2,null,0.2,null,0.17,null,2.808,null,2.808,null,2.8]
[87,0,2,null,0.2,null,0.17,null,2.808,null,2.808,null,2.8]
[88,0,2,null,0.2,null,0.17,null,2.808,null,2.808,null,2.8]
[89,0,2,null,0.2,null,0.17,null,2.808,null,2.808,null,2.8]
[90,0,2,null,0.2,null,0.17,null,2.808,null,2.808,null,2.8]
[91,0,2,null,0.2,null,0.17,null,2.808,null,2.808,null,2.8]
[92,0,2,null,0.2,null,0.17,null,2.808,null,2.808,null,2.8]
[93,0,2,null,0.2,null,0.17,null,2.808,null,2.808,null,2.8]
[94,0,2,null,0.2,null,0.17,null,2.808,null,2.808,null,2.8]
[95,0,2,null,0.2,null,0.17,null,2.808,null,2.808,null,2.8]
[96,0,2,null,0.2,null,0.17,null,2.808,null,2.808,null,2.8]
[97,0,2,null,0.2,null,0.17,null,2.808,null,2.808,null,2.8]
[98,0,2,null,0.2,null,0.17,null,2.808,null,2.808,null,2.8]
[99,0,2,null,0.2,null,0.17,null,2.808,null,2.808,null,2.8]
[100,0,2,null,0.2,null,0.17,null,2.808,null,2.808,null,2.8]
[101,0,2,null,0.2,null,0.17,null,2.808,null,2.808,null,2.8]
[102,0,2,null,0.2,null,0.17,null,2.808,null,2.808,null,2.8]
[103,0,2,null,0.2,null,0.17,null,2.808,null,2.808,null,2.8]
[104,0,2,null,0.2,null,0.17,null,2.808,null,2.808,null,2.8]
[105,0,2,null,0.2,null,0.17,null,2.808,null,2.808,null,2.8]
[106,0,2,null,0.2,null,0.17,null,2.808,null,2.808,null,2.8]
[107,0,2,null,0.2,null,0.17,null,2.808,null,2.808,null,2.8]
[108,0,2,null,0.2,null,0.17,null,2.808,null,2.808,null,2.8]
[109,0,2,null,0.2,null,0.17,null,2.808,null,2.808,null,2.8]
[110,0,2,null,0.2,null,0.17,null,2.808,null,2.808,null,2.8]
[111,0,2,null,0.2,null,0.17,null,2.808,null,2.808,null,2.8]
[112,0,2,null,0.2,null,0.17,null,2.808,null,2.808,null,2.8]
[113,0,2,null,0.2,null,0.17,null,2.808,null,2.808,null,2.8]
[114,0,2,null,0.2,null,0.17,null,2.808,null,2.808,null,2.8]
[115,0,2,null,0.2,null,0.17,null,2.808,null,2.808,null,2.8]
[116,0,2,null,0.2,null,0.17,null,2.808,null,2.808,null,2.8]
[117,0,2,null,0.2,null,0.17,null,2.808,null,2.808,null,2.8]
[118,0,2,null,0.2,null,0.17,null,2.808,null,2.808,null,2.8]
[119,0,2,null,0.2,null,0.17,null,2.808,null,2.808,null,2.8]
[120,0,2,null,0.2,null,0.17,null,2.808,null,2.808,null,2.8]
[121,0,2,null,0.2,null,0.17,null,2.808,null,2.808,null,2.8]
[122,0,2,null,0.2,null,0.17,null,2.808,null,2.808,null,2.8]
[123,0,2,null,0.2,null,0.17,null,2.808,null,2.808,null,2.8]
[124,0,2,null,0.2,null,0.17,null,2.808,null,2.808,null,2.8]
[125,0,2,null,0.2,null,0.17,null,2.808,null,2.808,null,2.8]
[126,0,2,null,0.2,null,0.17,null,2.808,null,2.808,null,2.8]
[127,0,2,null,0.2,null,0.17,null,2.808,null,2.808,null,2.8]
[128,0,2,null,0.2,null,0.17,null,2.808,null,2.808,null,2.8]
[129,0,2,null,0.2,null,0.17,null,2.808,null,2.808,null,2.8]
[130,0,2,null,0.2,null,0.17,null,2.808,null,2.808,null,2.8]
[131,0,2,null,0.2,null,0.17,null,2.808,null,2.808,null,2.8]
[132,0,2,null,0.2,null,0.17,null,2.808,null,2.808,null,2.8]
[133,0,2,null,0.2,null,0.17,null,2.808,null,2.808,null,2.8]
[134,0,2,null,0.2,null,0.17,null,2.808,null,2.808,null,2.8]
[135,0,2,null,0.2,null,0.17,null,2.808,null,2.808,null,2.8]
[136,0,2,null,0.2,null,0.17,null,2.808,null,2.808,null,2.8]
[137,0,2,null,0.2,null,0.17,null,2.808,null,2.808,null,2.8]
[138,0,2,null,0.2,null,0.17,null,2.808,null,2.808,null,2.8]
[139,0,2,null,0.2,null,0.17,null,2.808,null,2.808,null,2.8]
[140,0,2,null,0.2,null,0.17,null,2.808,null,2.808,null,2.8]
[141,0,2,null,0.2,null,0.17,null,2.808,null,2.808,null,2.8]
[142,0,2,null,0.2,null,0.17,null,2.808,null,2.808,null,2.8]
[143,0,2,null,0.2,null,0.17,null,2.808,null,2.808,null,2.8]
[144,0,2,null,0.2,null,0.17,null,2.808,null,2.808,null,2.8]
[145,0,2,null,0.2,null,0.17,null,2.808,null,2.808,null,2.8]
[146,0,2,null,0.2,null,0.17,null,2.808,null,2.808,null,2.8]
[147,0,2,null,0.2,null,0.17,null,2.808,null,2.808,null,2.8]
[148,0,2,null,0.2,null,0.17,null,2.808,null,2.808,null,2.8]
[149,0,2,null,0.2,null,0.17,null,2.808,null,2.808,null,2.8]
[150,0,2,null,0.2,null,0.17,null,2.808,null,2.808,null,2.8]
[151,0,2,null,0.2,null,0.17,null,2.808,null,2.808,null,2.8]
[152,0,2,null,0.2,null,0.17,null,2.808,null,2.808,null,2.8]
[153,0,2,null,0.2,null,0.17,null,2.808,null,2.808,null,2.8]
[154,0,2,null,0.2,null,0.17,null,2.808,null,2.808,null,2.8]
[155,0,2,null,0.2,null,0.17,null,2.808,null,2.808,null,2.8]
[156,0,2,null,0.2,null,0.17,null,2.808,null,2.808,null,2.8]
[157,0,2,null,0.2,null,0.17,null,2.808,null,2.808,null,2.8]
[158,0,2,null,0.2,null,0.17,null,2.808,null,2.808,null,2.8]
[159,0,2,null,0.2,null,0.17,null,2.808,null,2.808,null,2.8]
[160,0,2,null,0.2,null,0.17,null,2.808,null,2.808,null,2.8]
[161,0,2,null,0.2,null,0.17,null,2.808,null,2.808,null,2.8]
[162,0,2,null,0.2,null,0.17,null,2.808,null,2.808,null,2.8]
[163,0,2,null,0.2,null,0.17,null,2.808,null,2.808,null,2.8]
[164,0,2,null,0.2,null,0.17,null,2.808,null,2.808,null,2.8]
[165,0,2,null,0.2,null,0.17,null,2.808,null,2.808,null,2.8]
[166,0,2,null,0.2,null,0.17,null,2.808,null,2.808,null,2.8]
[167,0,2,null,0.2,null,0.17,null,2.808,null,2.808,null,2.8]
[168,0,2,null,0.2,null,0.17,null,2.808,null,2.808,null,2.8]
[169,0,2,null,0.2,null,0.17,null,2.808,null,2.808,null,2.8]
[170,0,2,null,0.2,null,0.17,null,2.808,null,2.808,null,2.8]
[171,0,2,null,0.2,null,0.17,null,2.808,null,2.808,null,2.8]
[172,0,2,null,0.2,null,0.17,null,2.808,null,2.808,null,2.8]
[173,0,2,null,0.2,null,0.17,null,2.808,null,2.808,null,2.8]
[174,0,2,null,0.2,null,0.17,null,2.808,null,2.808,null,2.8]
[175,0,2,null,0.2,null,0.17,null,2.808,null,2.808,null,2.8]
[176,0,2,null,0.2,null,0.17,null,2.808,null,2.808,null,2.8]
[177,0,2,null,0.2,null,0.17,null,2.808,null,2.808,null,2.8]
[178,0,2,null,0.2,null,0.17,null,2.808,null,2.808,null,2.8]
[179,0,2,null,0.2,null,0.17,null,2.808,null,2.808,null,2.8]
[180,0,2,null,0.2,null,0.17,null,2.808,null,2.808,null,2.8]
[181,0,2,null,0.2,null,0.17,null,2.808,null,2.808,null,2.8]
[182,0,2,null,0.2,null,0.17,null,2.808,null,2.808,null,2.8]
[183,0,2,null,0.2,null,0.17,null,2.808,null,2.808,null,2.8]
[184,0,2,null,0.2,null,0.17,null,2.808,null,2.808,null,2.8]
[185,0,2,null,0.2,null,0.17,null,2.808,null,2.808,null,2.8]
[186,0,2,null,0.2,null,0.17,null,2.808,null,2.808,null,2.8]
[187,0,2,null,0.2,null,0.17,null,2.808,null,2.808,null,2.8]
[188,0,2,null,0.2,null,0.17,null,2.808,null,2.808,null,2.8]
[189,0,2,null,0.2,null,0.17,null,2.808,null,2.808,null,2.8]
[190,0,2,null,0.2,null,0.17,null,2.808,null,2.808,null,2.8]
[191,0,2,null,0.2,null,0.17,null,2.808,null,2.808,null,2.8]
[192,0,2,null,0.2,null,0.17,null,2.808,null,2.808,null,2.8]
[193,0,2,null,0.2,null,0.17,null,2.808,null,2.808,null,2.8]
[194,0,2,null,0.2,null,0.17,null,2.808,null,2.808,null,2.8]
[195,0,2,null,0.2,null,0.17,null,2.808,null,2.808,null,2.8]
[196,0,2,null,0.2,null,0.17,null,2.808,null,2.808,null,2.8]
[197,0,2,null,0.2,null,0.17,null,2.808,null,2.808,null,2.8]
[198,0,2,null,0.2,null,0.17,null,2.808,null,2.808,null,2.8]
[199,0,2,null,0.2,null,0.17,null,2.808,null,2.808,null,2.8]
[200,0,2,null,0.2,null,0.17,null,2.808,null,2.808,null,2.8]
[201]
[202]
[203]
[204]
[205]
[206]
[207]
[208]
[209]
[210]
[211]
[212]
[213]
[214]
[215]
[216]
[217]
[218]
[219]
[220]
[221]
[222]
[223]
[224]
[225]
[226]
[227]
[228]
[229]
[230]
[231]
[232]
[233]
[234]
[235]
[236]
[237]
[238]
[239]
[240]
[241]
[242]
[243]
[244]
[245]
[246]
[247]
[248]
[249]
[250]
[251]
[252]
[253]
[254]
[255]
[256]
[257]
[258]
[259]
[260]
[261]
[262]
[263]
[264]
[265]
[266]
[267]
[268]
[269]
[270]
[271]
[272]
[273]
[274]
[275]
[276]
[277]
[278]
[279]
[280]
[281]
[282]
[283]
[284]
[285]
[286]
[287]
[288]
[289]
[290]
[291]
[292]
[293]
[294]
[295]
[296]
[297]
[298]
[299]
[300]
[301]
[302]
[303]
[304]
[305]
[306]
[307]
[308]
[309]
[310]
[311]
[312]
[313]
[314]
[315]
[316]
[317]
[318]
[319]
[320]
[321]
[322]
[323]
[324]
[325]
[326]
[327]
[328]
[329]
[330]
[331]
[332]
[333]
[334]
[335]
[336]
[337]
[338]
[339]
[340]
[341]
[342]
[343]
[344]
[345]
[346]
[347]
[348]
[349]
[350]
[351]
[352]
[353]
[354]
[355]
[356]
[357]
[358]
[359]
[360]
[361]
[362]
[363]
[364]
[365]
[366]
[367]
[368]
[369]
[370]
[371]
[372]
[373]
[374]
[375]
[376]
[377]
[378]
[379]
[380]
[381]
[382]
[383]
[384]
[385]
[386]
[387]
[388]
[389]
[390]
[391]
[392]
[393]
[394]
[395]
[396]
[397]
[398]
[399]
[400]
[401]
[402]
[403]
[404]
[405]
[406]
[407]
[408]
[409]
[410]
[411]
[412]
[413]
[414]
[415]
[416]
[417]
[418]
[419]
[420]
[421]
[422]
[423]
[424]
[425]
[426]
[427]
[428]
[429]
[430]
[431]
[432]
[433]
[434]
[435]
[436]
[437]
[438]
[439]
[440]
[441]
[442]
[443]
[444]
[445]
[446]
[447]
[448]
[449]
[450]
[451]
[452]
[453]
[454]
[455]
[456]
[457]
[458]
[459]
[460]
[461]
[462]
[463]
[464]
[465]
[466]
[467]
[468]
[469]
[470]
[471]
[472]
[473]
[474]
[475]
[476]
[477]
[478]
[479]
[480]
[481]
[482]
[483]
[484]
[485]
[486]
[487]
[488]
[489]
[490]
[491]
[492]
[493]
[494]
[495]
[496]
[497]
[498]
[499]
[500]
[501]
[502]
[503]
[504]
[505]
[506]
[507]
[508]
[509]
[510]
[511]
[512]
[513]
[514]
[515]
[516]
[517]
[518]
[519]
[520]
[521]
[522]
[523]
[524]
[525]
[526]
[527]
[528]
[529]
[530]
[531]
[532]
[533]
[534]
[535]
[536]
[537]
[538]
[539]
[540]
[541]
[542]
[543]
[544]
[545]
[546]
[547]
[548]
[549]
[550]
[551]
[552]
[553]
[554]
[555]
[556]
[557]
[558]
[559]
[560]
[561]
[562]
[563]
[564]
[565]
[566]
[567]
[568]
[569]
[570]
[571]
[572]
[573]
[574]
[575]
[576]
[577]
[578]
[579]
[580]
[581]
[582]
[583]
[584]
[585]
[586]
[587]
[588]
[589]
[590]
[591]
[592]
[593]
[594]
[595]
[596]
[597]
[598]
[599]
[600]
[601]
[602]
[603]
[604]
[605]
[606]
[607]
[608]
[609]
[610]
[611]
[612]
[613]
[614]
[615]
[616]
[617]
[618]
[619]
[620]
[621]
[622]
[623]
[624]
[625]
[626]
[627]
[628]
[629]
[630]
[631]
[632]
[633]
[634]
[635]
[636]
[637]
[638]
[639]
[640]
[641]
[642]
[643]
[644]
[645]
[646]
[647]
[648]
[649]
[650]
[651]
[652]
[653]
[654]
[655]
[656]
[657]
[658]
[659]
[660]
[661]
[662]
[663]
[664]
[665]
[666]
[667]
[668]
[669]
[670]
[671]
[672]
[673]
[674]
[675]
[676]
[677]
[678]
[679]
[680]
[681]
[682]
[683]
[684]
[685]
[686]
[687]
[688]
[689]
[690]
[691]
[692]
[693]
[694]
[695]
[696]
[697]
[698]
[699]
[700]
[701]
[702]
[703]
[704]
[705]
[706]
[707]
[708]
[709]
[710]
[711]
[712]
[713]
[714]
[715]
[716]
[717]
[718]
[719]
[720]
[721]
[722]
[723]
[724]
[725]
[726]
[727]
[728]
[729]
[730]
[731]
[732]
[733]
[734]
[735]
[736]
[737]
[738]
[739]
[740]
[741]
[742]
[743]
[744]
[745]
[746]
[747]
[748]
[749]
[750]
[751]
[752]
[753]
[754]
[755]
[756]
[757]
[758]
[759]
[760]
[761]
[762]
[763]
[764]
[765]
[766]
[767]
[768]
[769]
[770]
[771]
[772]
[773]
[774]
[775]
[776]
[777]
[778]
[779]
[780]
[781]
[782]
[783]
[784]
[785]
[786]
[787]
[788]
[789]
[790]
[791]
[792]
[793]
[794]
[795]
[796]
[797]
[798]
[799]
[800]
[801]
[802]
[803]
[804]
[805]
[806]
[807]
[808]
[809]
[810]
[811]
[812]
[813]
[814]
[815]
[816]
[817]
[818]
[819]
[820]
[821]
[822]
[823]
[824]
[825]
[826]
[827]
[828]
[829]
[830]
[831]
[832]
[833]
[834]
[835]
[836]
[837]
[838]
[839]
[840]
[841]
[842]
[843]
[844]
[845]
[846]
[847]
[848]
[849]
[850]
[851]
[852]
[853]
[854]
[855]
[856]
[857]
[858]
[859]
[860]
[861]
[862]
[863]
[864]
[865]
[866]
[867]
[868]
[869]
[870]
[871]
[872]
[873]
[874]
[875]
[876]
[877]
[878]
[879]
[880]
[881]
[882]
[883]
[884]
[885]
[886]
[887]
[888]
[889]
[890]
[891]
[892]
[893]
[894]
[895]
[896]
[897]
[898]
[899]
[900]
[901]
[902]
[903]
[904]
[905]
[906]
[907]
[908]
[909]
[910]
[911]
[912]
[913]
[914]
[915]
[916]
[917]
[918]
[919]
[920]
[921]
[922]
[923]
[924]
[925]
[926]
[927]
[928]
[929]
[930]
[931]
[932]
[933]
[934]
[935]
[936]
[937]
[938]
[939]
[940]
[941]
[942]
[943]
[944]
[945]
[946]
[947]
[948]
[949]
[950]
[951]
[952]
[953]
[954]
[955]
[956]
[957]
[958]
[959]
[960]
[961]
[962]
[963]
[964]
[965]
[966]
[967]
[968]
[969]
[970]
[971]
[972]
[973]
[974]
[975]
[976]
[977]
[978]
[979]
[980]
[981]
[982]
[983]
[984]
[985]
[986]
[987]
[988]
[989]
[990]
[991]
[992]
[993]
[994]
[995]
[996]
[997]
[998]
[999]
[1000]
[1001]
[1002]
[1003]
[1004]
[1005]
[1006]
[1007]
[1008]
[1009]
[1010]
[1011]
[1012]
[1013]
[1014]
[1015]
[1016]
[1017]
[1018]
[1019]
[1020]
[1021]
[1022]
[1023]
[1024]
[1025]
[1026]
[1027]
[1028]
[1029]
[1030]
[1031]
[1032]
[1033]
[1034]
[1035]
[1036]
[1037]
[1038]
[1039]
[1040]
[1041]
[1042]
[1043]
[1044]
[1045]
[1046]
[1047]
[1048]
[1049]
[1050]
[1051]
[1052]
[1053]
[1054]
[1055]
[1056]
[1057]
[1058]
[1059]
[1060]
[1061]
[1062]
[1063]
[1064]
[1065]
[1066]
[1067]
[1068]
[1069]
[1070]
[1071]
[1072]
[1073]
[1074]
[1075]
[1076]
[1077]
[1078]
[1079]
[1080]
[1081]
[1082]
[1083]
[1084]
[1085]
[1086]
[1087]
[1088]
[1089]
[1090]
[1091]
[1092]
[1093]
[1094]
[1095]
[1096]
[1097]
[1098]
[1099]
[1100]
[1101]
[1102]
[1103]
[1104]
[1105]
[1106]
[1107]
[1108]
[1109]
[1110]
[1111]
[1112]
[1113]
[1114]
[1115]
[1116]
[1117]
[1118]
[1119]
[1120]
[1121]
[1122]
[1123]
[1124]
[1125]
[1126]
[1127]
[1128]
[1129]
[1130]
[1131]
[1132]
[1133]
[1134]
[1135]
[1136]
[1137]
[1138]
[1139]
[1140]
[1141]
[1142]
[1143]
[1144]
[1145]
[1146]
[1147]
[1148]
[1149]
[1150]
[1151]
[1152]
[1153]
[1154]
[1155]
[1156]
[1157]
[1158]
[1159]
[1160]
[1161]
[1162]
[1163]
[1164]
[1165]
[1166]
[1167]
[1168]
[1169]
[1170]
[1171]
[1172]
[1173]
[1174]
[1175]
[1176]
[1177]
[1178]
[1179]
[1180]
[1181]
[1182]
[1183]
[1184]
[1185]
[1186]
[1187]
[1188]
[1189]
[1190]
[1191]
[1192]
[1193]
[1194]
[1195]
[1196]
[1197]
[1198]
[1199]
[1200]

{"sheet":"Odelenja","index":2,"n_rows":6,"n_cols":4,"rows_kept":6,"cut":false,"hidden":false,"merged":[],"flags":["formulas_cached_only"]}
["P.Z.Agrojapra","Prodavnica mješovite robe 2","Donji Agići","PIB:400756660007"]
["P.Z.Agrojapra","Prodavnica mješovite robe 3","Gornji Agići","PIB:400756660007"]
["P.Z.Agrojapra","Prodavnica mješovite robe 4","Radomirovac","PIB:400756660007"]
["P.Z.Agrojapra","Restoran \"Breza\"","Donji Agići","PIB:400756660007"]
["P.Z.Agrojapra","Caffe bar","Donji Agići","PIB:400756660007"]
["P.Z.Agrojapra","Pogon-Mini uljara","Donji Agići","PIB:400756660007"]

{"sheet":"Dobavljači","index":3,"n_rows":15,"n_cols":3,"rows_kept":15,"cut":false,"hidden":false,"merged":[],"flags":["formulas_cached_only"]}
["Nikić-J d.o.o.","Prijedor","PIB:400693990001"]
["Majkić d.o.o.","Trn-Laktaši","PIB:401181360002"]
["Krajiške kapi d.o.o.","Prijedor","PIB:400683410007"]
["MIS-PD d.o.o.","Banja Luka","PIB:400670780000"]
["Marbo d.o.o.","Laktaši","PIB:401608680003"]
["Hit d.o.o.","Trn-Laktaši","PIB:401186670000"]
["Vitaminka A.D","Banja Luka","PIB:400925360000"]
["Cerić-Bey d.o.o.","Prijedor","PIB:400670270001"]
["Mesnica Gurman TZR","Prijedor","PIB:505834730005"]
["STR i Prž. Stanisavljević","Prijedor","PIB:504217160009"]
["Ledo d.o.o.","Čitluk","PIB:227031530007"]
["Z.R.Ognjište","Prijedor","PIB:507035920007"]
["S.P.R.Aleksandrija","Novi Grad","PIB:502137730006"]
["Prž.kafe \"Nota\"","Novi Grad","PIB:504336410005"]
["Pržionica kafe \"Minas\"","Novi Grad","PIB:502175660003"]